[Event "Subotica City-ch"]
[Site "Subotica"]
[Date "2019.03.04"]
[Round "4"]
[White "Lanji, Stevan"]
[Black "Rajic, Ivan"]
[Result "0-1"]
[WhiteElo "1516"]
[BlackElo "1909"]
[PlyCount "80"]
[EventDate "2019.02.25"]
[EventType "swiss"]
[EventRounds "9"]
[EventCountry "SRB"]
[SourceTitle "CBM 189 Extra"]
[Source "ChessBase"]
[SourceDate "2019.06.03"]
[SourceVersion "1"]
[SourceVersionDate "2019.06.03"]
[SourceQuality "1"]

1. e4 e5 2. Bc4 Nf6 3. d3 Be7 4. Nc3 0-0 5. Be3 c6 6. h3 d5 7. exd5 cxd5 8. Bb3 d4 9. Bxd4 exd4 10. Nce2 Nc6 11. Nf3 Qa5+ 12. Nd2 Bb4 13. a3 Bxd2+ 14. Qxd2 Qxd2+ 15. Kxd2 Be6 16. Ba4 Rad8 17. g4 Bd5 18. Rhg1 Bf3 19. Ng3 a6 20. Bxc6 bxc6 21. Nf5 Rfe8 22. Rae1 Kf8 23. Rxe8+ Nxe8 24. Rg3 g6 25. Nh6 Bd5 26. f4 Nd6 27. f5 Kg7 28. g5 gxf5 29. h4 Re8 30. c4 Bxc4 31. Rf3 Be6 32. Rf4 c5 33. b4 Rc8 34. bxc5 Rxc5 35. Rxd4 Rd5 36. Rb4 a5 37. Rb8 f6 38. Ra8 fxg5 39. hxg5 Ne4+ 40. Ke3 Nxg5 0-1

[Event "Palic Karadzic Memorial op"]
[Site "Palic"]
[Date "2017.10.29"]
[Round "2"]
[White "Rajic, Ivan"]
[Black "Berzinsh, Roland"]
[Result "0-1"]
[WhiteElo "1915"]
[BlackElo "2434"]
[PlyCount "68"]
[EventDate "2017.10.28"]
[EventType "swiss"]
[EventRounds "9"]
[EventCountry "SRB"]
[SourceTitle "CBM 181 Extra"]
[Source "ChessBase"]
[SourceDate "2017.12.12"]
[SourceVersion "1"]
[SourceVersionDate "2017.12.12"]
[SourceQuality "1"]

1. e4 e5 2. Nf3 Nc6 3. Bc4 Nf6 4. d3 Be7 5. c3 0-0 6. h3 d5 7. exd5 Nxd5 8. 0-0 Nb6 9. Bb3 Bf5 10. Bc2 Qd6 11. Ng5 Qg6 12. g4 Bxg5 13. gxf5 Qxf5 14. d4 Qf6 15. Qh5 h6 16. dxe5 Qxe5 17. Bxg5 Qxg5+ 18. Qxg5 hxg5 19. Nd2 Rfe8 20. Rfe1 Ne5 21. Kg2 Nd5 22. Ne4 Nd3 23. Bxd3 Nf4+ 24. Kf3 Nxd3 25. Re3 Ne5+ 26. Kg3 Nc4 27. Ree1 Re5 28. b3 Rae8 29. bxc4 Rxe4 30. Rxe4 Rxe4 31. Rb1 b6 32. c5 Rc4 33. cxb6 Rxc3+ 34. f3 cxb6 0-1

[Event "Stari Zednik"]
[Site "Stari Zednik"]
[Date "2017.06.28"]
[Round "9"]
[White "Rajic, Ivan"]
[Black "Matkovic, Jovan"]
[Result "1-0"]
[WhiteElo "1954"]
[BlackElo "1899"]
[PlyCount "33"]
[EventDate "2017.06.14"]
[EventType "swiss"]
[EventRounds "9"]
[EventCountry "SRB"]
[SourceTitle "CBM 179 Extra"]
[Source "ChessBase"]
[SourceDate "2017.08.23"]
[SourceVersion "1"]
[SourceVersionDate "2017.08.23"]
[SourceQuality "1"]

1. e4 c5 2. Nf3 d6 3. c3 f5 4. Bb5+ Bd7 5. Bxd7+ Qxd7 6. exf5 Qxf5 7. 0-0 Nc6 8. d4 Nf6 9. dxc5 dxc5 10. Na3 Rd8 11. Qb3 Qd7 12. Ng5 Nd5 13. Be3 h6 14. Ne4 Na5 15. Qc2 b6 16. Nxc5 Qc6 17. Nb3 1-0

[Event "Stari Zednik"]
[Site "Stari Zednik"]
[Date "2017.06.26"]
[Round "8"]
[White "Vucelic, Rade"]
[Black "Rajic, Ivan"]
[Result "1-0"]
[WhiteElo "1890"]
[BlackElo "1954"]
[PlyCount "121"]
[EventDate "2017.06.14"]
[EventType "swiss"]
[EventRounds "9"]
[EventCountry "SRB"]
[SourceTitle "CBM 179 Extra"]
[Source "ChessBase"]
[SourceDate "2017.08.23"]
[SourceVersion "1"]
[SourceVersionDate "2017.08.23"]
[SourceQuality "1"]

1. e4 c5 2. Nf3 e6 3. d4 cxd4 4. Nxd4 a6 5. c4 Bc5 6. Nb3 Bb4+ 7. Bd2 Qb6 8. Nc3 d6 9. a3 Bxc3 10. Bxc3 e5 11. Na5 Nf6 12. f3 0-0 13. Qd2 Nc6 14. Nxc6 Qxc6 15. 0-0-0 Ne8 16. b3 Be6 17. Kb2 b5 18. cxb5 axb5 19. Bb4 Rc8 20. Be2 Qb6 21. g4 f6 22. Rhf1 Rf7 23. Qd3 Rcc7 24. Rd2 h6 25. Qxb5 Qe3 26. Qd3 Qb6 27. Bd1 g6 28. Rff2 Kf8 29. Rc2 Rfe7 30. Rxc7 Rxc7 31. Rc2 Rd7 32. h4 Nc7 33. Be2 Kf7 34. Qd2 Kg7 35. Bc4 d5 36. exd5 Nxd5 37. Bxd5 Bxd5 38. Qc3 Qd4 39. Qxd4 exd4 40. Rf2 Rc7 41. Bd2 d3 42. Bc3 Kf7 43. f4 Re7 44. g5 hxg5 45. hxg5 fxg5 46. fxg5+ Ke6 47. b4 Be4 48. b5 Kd5 49. Kb3 Bf5 50. a4 Ke4 51. Bd2 Kd4 52. b6 Be6+ 53. Kb4 Bd5 54. a5 Bb7 55. Rf4+ Kd5 56. Kc3 Ba6 57. Rd4+ Kc5 58. Bf4 Re2 59. Rxd3 Bxd3 60. Kxd3 Ra2 61. b7 1-0

[Event "Stari Zednik"]
[Site "Stari Zednik"]
[Date "2017.06.23"]
[Round "6"]
[White "Rajic, Ivan"]
[Black "Stojanovski, Zdravko"]
[Result "1/2-1/2"]
[WhiteElo "1954"]
[BlackElo "1979"]
[PlyCount "22"]
[EventDate "2017.06.14"]
[EventType "swiss"]
[EventRounds "9"]
[EventCountry "SRB"]
[SourceTitle "CBM 179 Extra"]
[Source "ChessBase"]
[SourceDate "2017.08.23"]
[SourceVersion "1"]
[SourceVersionDate "2017.08.23"]
[SourceQuality "1"]

1. e4 g6 2. d4 Bg7 3. Nc3 d6 4. f4 Nd7 5. Nf3 e6 6. Be3 b6 7. Qd2 Bb7 8. 0-0-0 Ne7 9. Be2 a6 10. g4 b5 11. Bd3 Nb6 1/2-1/2

[Event "Stari Zednik"]
[Site "Stari Zednik"]
[Date "2017.06.19"]
[Round "4"]
[White "Rajic, Ivan"]
[Black "Kovac, Imre"]
[Result "1-0"]
[WhiteElo "1954"]
[BlackElo "1854"]
[PlyCount "91"]
[EventDate "2017.06.14"]
[EventType "swiss"]
[EventRounds "9"]
[EventCountry "SRB"]
[SourceTitle "CBM 179 Extra"]
[Source "ChessBase"]
[SourceDate "2017.08.23"]
[SourceVersion "1"]
[SourceVersionDate "2017.08.23"]
[SourceQuality "1"]

1. e4 d5 2. exd5 Nf6 3. Bb5+ c6 4. dxc6 bxc6 5. Be2 e5 6. d3 Bc5 7. Nc3 Qb6 8. Be3 Bxe3 9. fxe3 Qxe3 10. Qd2 Ng4 11. Nh3 0-0 12. 0-0-0 Qxd2+ 13. Kxd2 Nf6 14. Ng5 h6 15. Nge4 Nxe4+ 16. Nxe4 f5 17. Nc5 Na6 18. Nxa6 Bxa6 19. Bf3 Bb7 20. Rde1 Rfe8 21. b4 Rad8 22. Kc3 Re7 23. Rhg1 g5 24. h3 Kf7 25. Bh5+ Kf6 26. a4 c5 27. b5 Rd4 28. a5 Ra4 29. Ra1 Rxa1 30. Rxa1 Bxg2 31. Kc4 g4 32. hxg4 Kg5 33. Rg1 Ba8 34. b6 axb6 35. axb6 Bf3 36. gxf5+ Kxh5 37. Kxc5 Rf7 38. Kd6 Rf6+ 39. Kxe5 Rxb6 40. c4 Be2 41. c5 Rc6 42. d4 Bf3 43. Rg3 Bg4 44. Kf4 Bxf5 45. Kxf5 Kh4 46. Rg6 1-0

[Event "Subotica-ch op"]
[Site "Subotica"]
[Date "2017.03.03"]
[Round "5"]
[White "Kovacs, Istvan A"]
[Black "Rajic, Ivan"]
[Result "1-0"]
[WhiteElo "1882"]
[BlackElo "1961"]
[PlyCount "31"]
[EventDate "2017.02.22"]
[EventType "swiss"]
[EventRounds "9"]
[EventCountry "SRB"]
[SourceTitle "CBM 177 Extra"]
[Source "ChessBase"]
[SourceDate "2017.04.27"]
[SourceVersion "1"]
[SourceVersionDate "2017.04.27"]
[SourceQuality "1"]

1. d4 Nf6 2. Bf4 d5 3. e3 c5 4. c3 Nc6 5. Nf3 Qb6 6. Qb3 e6 7. Qxb6 axb6 8. Bc7 Nd7 9. Nbd2 Be7 10. Bb5 f6 11. c4 Nb4 12. 0-0 0-0 13. Bxd7 Bxd7 14. a3 Nc6 15. Bxb6 cxd4 16. Nxd4 1-0

[Event "Palic Karadzic Memorial op"]
[Site "Palic"]
[Date "2016.10.29"]
[Round "1"]
[White "Rajic, Ivan"]
[Black "Murtazin, Bulat"]
[Result "0-1"]
[WhiteElo "2019"]
[BlackElo "2384"]
[PlyCount "74"]
[EventDate "2016.10.29"]
[EventType "swiss"]
[EventRounds "9"]
[EventCountry "SRB"]
[SourceTitle "CBM 175 Extra"]
[Source "ChessBase"]
[SourceDate "2016.12.12"]
[SourceVersion "1"]
[SourceVersionDate "2016.12.12"]
[SourceQuality "1"]

1. e4 e5 2. Nf3 Nc6 3. Bc4 Nf6 4. d3 Be7 5. h3 0-0 6. Be3 d5 7. exd5 Nxd5 8. Bxd5 Qxd5 9. Nc3 Qd6 10. 0-0 Bf5 11. Ne4 Bxe4 12. dxe4 Qb4 13. Qd7 Rad8 14. Qg4 Rd6 15. Nh4 Bxh4 16. Qxh4 b6 17. b3 f5 18. a3 Qc3 19. exf5 Qxc2 20. Qc4+ Qxc4 21. bxc4 Rxf5 22. c5 Rd3 23. cxb6 cxb6 24. Rfd1 e4 25. Rac1 Rf6 26. Rxd3 exd3 27. Kf1 Ne5 28. Rc3 Rd6 29. Ke1 b5 30. Rc8+ Kf7 31. Rc7+ Kg6 32. Bd2 Nc4 33. Bc3 d2+ 34. Kd1 Rd3 35. Rc6+ Kf7 36. Rc7+ Kg6 37. Bxg7 Rb3 0-1

[Event "EU-ch U18 26th"]
[Site "Prague"]
[Date "2016.08.21"]
[Round "4"]
[White "Levitan, Tal"]
[Black "Rajic, Ivan"]
[Result "1-0"]
[WhiteElo "2099"]
[BlackElo "1922"]
[PlyCount "55"]
[EventDate "2016.08.18"]
[EventType "swiss"]
[EventRounds "9"]
[EventCountry "CZE"]
[SourceTitle "CBM 174 Extra"]
[Source "ChessBase"]
[SourceDate "2016.10.10"]
[SourceVersion "1"]
[SourceVersionDate "2016.10.10"]
[SourceQuality "1"]

1. e4 c5 2. c3 d5 3. exd5 Qxd5 4. d4 Nc6 5. Nf3 Bg4 6. Be2 e6 7. h3 Bh5 8. 0-0 Nf6 9. Be3 cxd4 10. cxd4 Be7 11. Nc3 Qd6 12. Qb3 0-0 13. Rfd1 Rfd8 14. a3 a6 15. Rac1 b5 16. d5 exd5 17. g4 Bg6 18. g5 Na5 19. Qa2 Ne4 20. Nxd5 Qe6 21. Bb6 Bc5 22. Nf6+ gxf6 23. Rxd8+ Rxd8 24. Qxe6 fxe6 25. Bxd8 Bxf2+ 26. Kg2 Nb3 27. Rc8 fxg5 28. Bb6+ 1-0

[Event "EU-ch U18 26th"]
[Site "Prague"]
[Date "2016.08.20"]
[Round "3"]
[White "Rajic, Ivan"]
[Black "Bunyatov, Rustam Faiq"]
[Result "0-1"]
[WhiteElo "1922"]
[BlackElo "2230"]
[PlyCount "94"]
[EventDate "2016.08.18"]
[EventType "swiss"]
[EventRounds "9"]
[EventCountry "CZE"]
[SourceTitle "CBM 174 Extra"]
[Source "ChessBase"]
[SourceDate "2016.10.10"]
[SourceVersion "1"]
[SourceVersionDate "2016.10.10"]
[SourceQuality "1"]

1. d4 g6 2. e4 Bg7 3. Nf3 d6 4. Bc4 Nf6 5. Qe2 0-0 6. Nc3 c6 7. Bb3 Bg4 8. 0-0 e5 9. dxe5 dxe5 10. h3 Bxf3 11. Qxf3 Nbd7 12. Be3 Qe7 13. a3 Nc5 14. Ba2 Ne6 15. Rad1 Nh5 16. Ne2 Nhf4 17. Bxf4 Nxf4 18. Nxf4 exf4 19. c3 Be5 20. Rd3 Rad8 21. Rfd1 Bc7 22. Bb3 Kg7 23. Rd4 Be5 24. R4d3 h5 25. R1d2 Bc7 26. Rd4 Rxd4 27. Rxd4 Be5 28. Rd3 Rd8 29. Qd1 Rxd3 30. Qxd3 b5 31. Kf1 a5 32. a4 b4 33. Qc4 bxc3 34. bxc3 Qf6 35. Qd3 Bxc3 36. Qc4 f3 37. gxf3 Qxf3 38. Qxc6 Bd4 39. Qc2 Bxf2 40. Qxf2 Qxh3+ 41. Kg1 Qxb3 42. Qd4+ Kh7 43. Qa7 Qd1+ 44. Kf2 Qd2+ 45. Kf3 Kg7 46. Qc7 Qd1+ 47. Ke3 Qxa4 0-1

[Event "EU-ch U18 26th"]
[Site "Prague"]
[Date "2016.08.19"]
[Round "2"]
[White "Steindl, Johannes"]
[Black "Rajic, Ivan"]
[Result "0-1"]
[WhiteElo "2141"]
[BlackElo "1922"]
[PlyCount "122"]
[EventDate "2016.08.18"]
[EventType "swiss"]
[EventRounds "9"]
[EventCountry "CZE"]
[SourceTitle "CBM 174 Extra"]
[Source "ChessBase"]
[SourceDate "2016.10.10"]
[SourceVersion "1"]
[SourceVersionDate "2016.10.10"]
[SourceQuality "1"]

1. e4 c5 2. Nf3 d6 3. d4 cxd4 4. Nxd4 Nf6 5. Nc3 g6 6. Be3 Bg7 7. f3 0-0 8. Qd2 Nc6 9. Bc4 Bd7 10. 0-0-0 Rc8 11. Bb3 Ne5 12. Kb1 Nc4 13. Bxc4 Rxc4 14. h4 a6 15. h5 b5 16. hxg6 fxg6 17. Bh6 Nxe4 18. Nxe4 Rxd4 19. Qe3 Rxd1+ 20. Rxd1 Bf5 21. Bxg7 Kxg7 22. Rh1 h5 23. Ng5 Qc7 24. g4 hxg4 25. fxg4 Rh8 26. Rc1 Bc8 27. Qe4 d5 28. Qxd5 Qf4 29. Re1 e5 30. Ne6+ Bxe6 31. Qxe6 Qf6 32. Qd7+ Qf7 33. Qd6 Qf6 34. Qd7+ Qf7 35. Qd6 Qf6 36. Qc5 Rh4 37. a3 Rxg4 38. Qc7+ Kh6 39. Rxe5 Qf1+ 40. Ka2 Qc4+ 41. Qxc4 Rxc4 42. Re6 Rxc2 43. Rxa6 Rc5 44. Ra5 Rf5 45. Kb3 g5 46. a4 bxa4+ 47. Rxa4 Kh5 48. Kc3 g4 49. Kd2 g3 50. Ke2 Rf2+ 51. Ke1 Rf5 52. Ra8 Kg4 53. Rg8+ Kh3 54. Rh8+ Kg2 55. Re8 Rf2 56. b4 Rb2 57. Rb8 Kh1 58. Rg8 g2 59. Rh8+ Kg1 60. Rb8 Rb3 61. Re8 Kh2 0-1

[Event "Subotica-ch"]
[Site "Subotica"]
[Date "2015.03.06"]
[Round "9"]
[White "Matkovic, Jovan"]
[Black "Rajic, Ivan"]
[Result "0-1"]
[WhiteElo "2007"]
[BlackElo "2023"]
[PlyCount "79"]
[EventDate "2015.02.16"]
[EventType "swiss"]
[EventRounds "9"]
[EventCountry "SRB"]
[SourceTitle "CBM 165 Extra"]
[Source "ChessBase"]
[SourceDate "2015.04.21"]
[SourceVersion "1"]
[SourceVersionDate "2015.04.21"]
[SourceQuality "1"]

1. e4 e5 2. Nf3 Nc6 3. Bc4 Nf6 4. d4 exd4 5. 0-0 Nxe4 6. Re1 d5 7. Bxd5 Qxd5 8. Nc3 Qa5 9. Nxe4 Be6 10. Neg5 0-0-0 11. Nxe6 fxe6 12. Rxe6 Bc5 13. Qe2 Rhf8 14. a3 Bb6 15. Bd2 Qf5 16. b4 d3 17. cxd3 Qxd3 18. Ra2 Qb1+ 19. Be1 Nd4 20. Nxd4 Bxd4 21. Qc4 Rfe8 22. Rae2 Rf8 23. Re7 Bb6 24. Qe6+ Kb8 25. Ra2 a6 26. Re2 Qc1 27. a4 a5 28. b5 Qd1 29. Qe4 h6 30. Re6 Qc1 31. Qe5 Ka7 32. Qxg7 h5 33. Qe5 Qd1 34. Qxh5 Bxf2+ 35. Kh1 Bxe1 36. Qc5+ Kb8 37. Rxe1 Rf1+ 38. Rxf1 Qxf1+ 39. Qg1 Qc4 40. Qe1 0-1

[Event "Subotica-ch"]
[Site "Subotica"]
[Date "2014.03.10"]
[Round "9"]
[White "Jelovac, Ivko"]
[Black "Rajic, Ivan"]
[Result "1-0"]
[WhiteElo "1901"]
[BlackElo "2020"]
[PlyCount "111"]
[EventDate "2014.02.19"]
[EventType "swiss"]
[EventRounds "9"]
[EventCountry "SRB"]
[SourceTitle "CBM 159 Extra"]
[Source "ChessBase"]
[SourceDate "2014.04.24"]
[SourceVersion "1"]
[SourceVersionDate "2014.04.24"]
[SourceQuality "1"]

1. e4 e5 2. Bc4 Nc6 3. c3 Nf6 4. d3 Be7 5. Nf3 d6 6. b4 a6 7. 0-0 0-0 8. Nbd2 Bg4 9. h3 Bh5 10. Re1 d5 11. Bb3 d4 12. g4 dxc3 13. Nc4 Bg6 14. a3 Bd6 15. Be3 b5 16. Nxd6 cxd6 17. Rc1 d5 18. Rxc3 dxe4 19. Rxc6 exf3 20. Bc5 Re8 21. Rd6 Qc8 22. Qxf3 Rd8 23. Rxe5 Rxd6 24. Bxd6 Qc1+ 25. Kh2 Re8 26. Rxe8+ Nxe8 27. Bc5 Qg5 28. d4 h5 29. Qe3 Qxe3 30. fxe3 hxg4 31. hxg4 Nf6 32. Kh3 Be4 33. Kg3 Nd5 34. Bxd5 Bxd5 35. Kf4 f6 36. e4 Bc4 37. g5 Kf7 38. d5 Bd3 39. gxf6 gxf6 40. Kf5 Bc4 41. Bd4 Ke7 42. Bxf6+ Kd6 43. Be5+ Kd7 44. Bd4 Bd3 45. Bc5 Bc2 46. Ke5 Bd3 47. Kd4 Bc2 48. e5 Bf5 49. Bf8 Ke8 50. Bh6 Kd7 51. Kc5 Kc7 52. e6 a5 53. Bf4+ Kd8 54. bxa5 Kc8 55. a6 Bd3 56. d6 1-0

[Event "Subotica-ch"]
[Site "Subotica"]
[Date "2013.05.31"]
[Round "9"]
[White "Rajic, Ivan"]
[Black "Hegedus, Antal"]
[Result "1-0"]
[WhiteElo "2005"]
[BlackElo "1983"]
[PlyCount "73"]
[EventDate "2013.05.13"]
[EventType "swiss"]
[EventRounds "9"]
[EventCountry "SRB"]
[SourceTitle "CBM 154 Extra"]
[Source "ChessBase"]
[SourceDate "2013.06.25"]
[SourceVersion "2"]
[SourceVersionDate "2013.06.25"]
[SourceQuality "1"]

1. e4 e5 2. Nf3 d6 3. d4 exd4 4. Nxd4 Nc6 5. Nxc6 bxc6 6. c4 Nf6 7. Nc3 Be7 8. Be2 0-0 9. 0-0 Re8 10. Be3 a5 11. Bf3 Bd7 12. Qd2 Ng4 13. Bf4 Qc8 14. Rad1 Bf6 15. c5 Bxc3 16. Qxc3 Ne5 17. cxd6 Nxf3+ 18. Qxf3 cxd6 19. Rxd6 Be6 20. a3 Qb7 21. Qc3 c5 22. f3 c4 23. Rfd1 Qb5 24. Qd4 h6 25. Bd2 Rac8 26. Bc3 Qc5 27. Qxc5 Rxc5 28. Ra6 Rb8 29. f4 Bg4 30. Rd5 Rxd5 31. exd5 Rb5 32. Rxa5 Rxa5 33. Bxa5 Kf8 34. Kf2 g5 35. fxg5 hxg5 36. Bb4+ Ke8 37. Ke3 1-0

[Event "Subotica-ch"]
[Site "Subotica"]
[Date "2013.05.22"]
[Round "5"]
[White "Rajic, Ivan"]
[Black "Vucelic, Rade"]
[Result "1-0"]
[WhiteElo "2005"]
[BlackElo "1960"]
[PlyCount "49"]
[EventDate "2013.05.13"]
[EventType "swiss"]
[EventRounds "9"]
[EventCountry "SRB"]
[SourceTitle "CBM 154 Extra"]
[Source "ChessBase"]
[SourceDate "2013.06.25"]
[SourceVersion "2"]
[SourceVersionDate "2013.06.25"]
[SourceQuality "1"]

1. e4 e6 2. d4 d5 3. Nc3 Nf6 4. Bg5 Be7 5. e5 Nfd7 6. h4 a6 7. Nf3 c5 8. a3 Nc6 9. dxc5 Nxc5 10. b4 Nd7 11. Bf4 Qc7 12. Qd2 Nxb4 13. Bd3 Nxd3+ 14. cxd3 Qa5 15. 0-0 Nc5 16. Rfb1 Na4 17. Nxa4 Qxa4 18. d4 Qd7 19. Rb6 Qd8 20. Rab1 Bxh4 21. Rd6 Qe7 22. Nxh4 Qxh4 23. Bg5 Qxg5 24. Qxg5 0-0 25. Rc1 1-0

[Event "Subotica-ch"]
[Site "Subotica"]
[Date "2013.05.15"]
[Round "2"]
[White "Fatyol, Istvan"]
[Black "Rajic, Ivan"]
[Result "1/2-1/2"]
[WhiteElo "1926"]
[BlackElo "2005"]
[PlyCount "74"]
[EventDate "2013.05.13"]
[EventType "swiss"]
[EventRounds "9"]
[EventCountry "SRB"]
[SourceTitle "CBM 154 Extra"]
[Source "ChessBase"]
[SourceDate "2013.06.25"]
[SourceVersion "2"]
[SourceVersionDate "2013.06.25"]
[SourceQuality "1"]

1. d4 Nf6 2. c4 e5 3. dxe5 Ng4 4. Nf3 Nc6 5. Bf4 Bb4+ 6. Nbd2 Qe7 7. e3 Ngxe5 8. Nxe5 Nxe5 9. Be2 d6 10. 0-0 Bxd2 11. Qxd2 0-0 12. Rfd1 Bf5 13. Bg3 Be4 14. f3 Bc6 15. Qc3 Rfe8 16. Rd2 Qf6 17. Rf1 a5 18. Qd4 Nd7 19. Qxf6 Nxf6 20. e4 Nh5 21. Bf2 Nf4 22. Bd1 b6 23. Bc2 Re6 24. Be3 Ng6 25. Bd4 Ne5 26. b3 Nd7 27. Re1 Rae8 28. Rde2 f5 29. Kf2 fxe4 30. Bxe4 Bxe4 31. Rxe4 Rxe4 32. Rxe4 Rxe4 33. fxe4 Kf7 34. Ke3 Nf8 35. e5 c5 36. Bc3 dxe5 37. Bxe5 Nd7 1/2-1/2